Pierre et Gilles.

Guardat en:
Dades bibliogràfiques
Autor principal: Pierre et Gilles
Format: Llibre
Idioma:francès
alemany
anglès
Publicat: Koln : Taschen, 1993
Etiquetes: Afegir etiqueta
Sense etiquetes, Sigues el primer a etiquetar aquest registre!

MARC

LEADER 00000nam a22000007i 4500
001 IT\ICCU\VEA\0106237
003 ItRI
005 20260115231842.0
008 990503s1993 gw |||||| ||||| |||||c
020 |a 3822893773 
040 |b ita  |c importazione bologna sebina 
041 7 |a fre  |a ger  |a eng  |2 ISO-639-2 
100 0 |a Pierre et Gilles  |0 IT\ICCU\UBOV\380614 
245 1 0 |a Pierre et Gilles. 
260 |a Koln :  |b Taschen,  |c 1993 
300 |a 80 p. :  |b ill. ;  |c 30 cm. 
790 1 |a Blanchard, Gilles  |3 IT\ICCU\TO0V\685251  |z Pierre et Gilles 
790 1 |a Commoy, Pierre  |3 IT\ICCU\TO0V\685250  |z Pierre et Gilles 
942 |2 ddc  |c BK  |n 0 
952 |0 0  |1 0  |4 0  |6 DOC_779_209000000000000_PIE  |7 0  |9 14270  |a BO  |b BO  |d 2026-01-15  |i 18465  |l 0  |o DOC 779.209 PIE  |p BO18465  |r 2026-01-15 23:18:42  |w 2026-01-15  |x [Sebina 5] [1 v.]  |y BK  |z 1 v. (2. copia) 
952 |0 0  |1 0  |4 0  |6 DOC_779_209000000000000_PIE  |7 0  |9 14271  |a BO  |b BO  |d 2026-01-15  |i 2982  |l 0  |o DOC 779.209 PIE  |p BO2982  |r 2026-01-15 23:18:42  |w 2026-01-15  |x [Sebina 5] [1 v.]  |y BK  |z 1 v. 
999 |c 12310  |d 12310